STN EN ISO 5459: 2012 (01 4402) Geometrické špecifikácie výrobkov (GPS). Geometrické tolerovanie. Základne a sústavy základní (ISO 5459: 2011)

Táto norma je slovenskou verziou európskej normy EN ISO 5459: 2011. Preklad zabezpečil Slovenský ústav technickej normalizácie. Má rovnaké postavenie ako majú oficiálne verzie

Podrobná bibliografia
Hlavný autor: Bronček, Jozef, 1961- (Autor)
Korporatívny autor: Vedecko-technická spoločnosť pri Žilinskej univerzite v Žiline (Autor)
Médium: Kniha
Jazyk:slovenčina
Fyzický popis:84 s. obr. , tab. 30 cm
Vydavateľské údaje: Bratislava Slovenský ústav technickej normalizácie 2012
Predmet:

MARC

LEADER 00000nam a2200000 a 4500
001 vtls010429699
003 SK-MaSNL
005 20260301132712.0
008 130117s xo ka f u 000 0 slo
015 |a SNBN2013 
020 |c (cen. skup. 19) 
040 |a SNK  |b slo  |c SNK  |e AACR2 
041 0 |a slo 
044 |a xo  |c SK 
046 |a s  |m 201206 (účin. ) 
072 7 |a 006  |x Metrológia. Štandardizácia  |2 konspekt 
080 |a 006.78  |2 2001 
080 |a 006.7/.8  |2 2001 
080 |a (437.6) 2 2001  |2 1981 
080 |a (4)  |2 2001 
084 |a 17.040.10  |2 ICS 
130 0 |a STN 01 4402 (STN EN ISO 5459)  |9 483915 
245 1 0 |a STN EN ISO 5459: 2012 (01 4402) Geometrické špecifikácie výrobkov (GPS). Geometrické tolerovanie. Základne a sústavy základní (ISO 5459: 2011)  |c spracovateľ Vedecko-technická spoločnosť pri Žilinskej univerzite Žilina, Jozef Bronček 
246 1 0 |a Geometrické špecifikácie výrobkov (GPS) 
246 1 0 |a Geometrické tolerovanie 
246 1 0 |a Základne a sústavy základní (ISO 5459: 2011) 
246 3 0 |a EN ISO 5459: 2011 E 
246 3 0 |a ISO 5459: 2011 
260 |a Bratislava  |b Slovenský ústav technickej normalizácie  |c 2012 
300 |a 84 s.  |b obr. , tab.  |c 30 cm 
500 |a Súbežný názov v angličtine, francúzštine, nemčine 
500 |a Táto norma nahrádza anglickú verziu STN EN ISO 5459 z januára 2012, ktorá od 1.1.2012 nahradila STN ISO 5459 z 1.9.1995 v celom rozsahu 
504 |a Citované normy, súvisiace právne predpisy s. 2 ; literatúra s. 83 
520 8 |a Táto norma je slovenskou verziou európskej normy EN ISO 5459: 2011. Preklad zabezpečil Slovenský ústav technickej normalizácie. Má rovnaké postavenie ako majú oficiálne verzie 
540 |a STN vydané na akomkoľvek nosiči sa môžu rozmnožovať a rozširovať iba so súhlasom určenej právnickej osoby  |b SÚTN Bratislava  |c zákon 264/1999 Z. z. 
650 0 7 |a geometrické špecifikácie výrobkov  |2 SNKPH  |9 483916 
650 0 7 |a technické normy a štandardy  |z Slovensko  |2 SNKPH  |9 79594 
650 0 7 |a technické normy a štandardy  |z krajiny Európskej únie  |2 SNKPH  |9 289341 
650 0 7 |a tolerancie rozmerov  |2 SNKPH  |9 483917 
650 0 7 |a Geometrical product specification  |2 SNKPHeng  |9 327755 
655 7 |a normy  |2 SNKPH  |9 70643 
700 1 |a Bronček, Jozef,  |d 1961-  |4 aut  |9 193563 
710 2 |a Vedecko-technická spoločnosť pri Žilinskej univerzite v Žiline  |4 aut  |9 261393 
710 2 |a Slovenský ústav technickej normalizácie (Bratislava, Slovensko).  |b Technická komisia: TK 62 Technická dokumentácia a geometrické špecifikácie výrobkov  |4 stn  |9 483918 
852 |a Štátna vedecká knižnica v Banskej Bystrici 
958 |a NB 
999 |c 751695  |d 753625 
952 |a SNK  |b SNK  |y PREZ  |7 0  |p 17A1017426  |o snkSTN EN ISO 5459  |i snk2012/12771  |8 0  |0 0  |1 0  |4 0  |d 2012-06-29  |l 0  |r 2026-02-23 23:35:21  |w 2026-02-23 
952 |a SNK  |b SNK  |y PREZ  |7 0  |p 17A1017427  |o snkSTN EN ISO 5459 D1  |i snk2012/12772  |8 0  |0 0  |1 0  |4 0  |d 2012-06-29  |l 0  |r 2026-02-23 23:35:22  |w 2026-02-23